Central Library OPAC University of Rajshahi

Quiet neighbors : (Record no. 59354)

MARC details
000 -LEADER
fixed length control field 00945nam a2200301 a 4500
001 - CONTROL NUMBER
control field 59354
003 - CONTROL NUMBER IDENTIFIER
rucl marc code BD-RjUL
005 - DATE AND TIME OF LATEST TRANSACTION
control field 20211209080723.0
008 - FIXED-LENGTH DATA ELEMENTS--GENERAL INFORMATION
fixed length control field 161224s1984 cauaf b 001 0 eng
020 ## - INTERNATIONAL STANDARD BOOK NUMBER
International Standard Book Number 0151758239
035 ## - SYSTEM CONTROL NUMBER
System control number (BD-RjUL)59478
System control number 2603671
040 ## - CATALOGING SOURCE
Original cataloging agency LC
Language of cataloging eng
Transcribing agency LC
Modifying agency ABN:1
041 ## - LANGUAGE CODE
Language code of text/sound track or separate title eng
082 04 - DEWEY DECIMAL CLASSIFICATION NUMBER
Classification number 347.305238
Edition number 19
Author mark and year RYQ 1984
100 1# - MAIN ENTRY--PERSONAL NAME
Personal name Ryan, Allan A.
9 (RLIN) 176532
245 10 - TITLE STATEMENT
Title Quiet neighbors :
Remainder of title prosecuting Nazi war criminals in America /
Statement of responsibility, etc. Allan A. Ryan, Jr.
250 ## - EDITION STATEMENT
Edition statement 1st ed.
260 ## - PUBLICATION, DISTRIBUTION, ETC. (IMPRINT)
Place of publication, distribution, etc. San Diego :
Name of publisher, distributor, etc. Harcourt Brace Jovanovich,
Date of publication, distribution, etc. c1984.
300 ## - PHYSICAL DESCRIPTION
Pagination xii, 386 p., [8] p. :
Illustrations ill. ;
Size 24 cm.
504 ## - BIBLIOGRAPHY, ETC. NOTE
Bibliography, etc Includes bibliographical references and index.
650 #0 - SUBJECT ADDED ENTRY--TOPICAL TERM
Topical term or geographic name as entry element War crime trials
Geographic subdivision United States.
9 (RLIN) 176533
Topical term or geographic name as entry element War crimes.
9 (RLIN) 176534
Topical term or geographic name as entry element World War, 1939-1945
General subdivision Atrocities.
9 (RLIN) 171095
Topical term or geographic name as entry element War criminals.
9 (RLIN) 176535
942 ## - ADDED ENTRY ELEMENTS (KOHA)
Source of classification or shelving scheme Dewey Decimal Classification
Koha item type Books
Holdings
Lost status Source of classification or shelving scheme Damaged status Not for loan Collection code Permanent Location Current Location Shelving location Date acquired Total Checkouts Full call number Date last seen Copy number Koha item type
  Dewey Decimal Classification   Not For Loan Non-fiction Central Library, University of Rajshahi Central Library, University of Rajshahi Reading Room 02/07/1994   347.305238 RYQ 1984 24/12/2016 C-1 Books